00555nam a2200133 a 450000500170000000800410001702000180005805000260007610000200010224502210012226000350034330000090037865000340038720140412111416.0070813s19uu xx 00 eng d a0-439-49161-4 aTR(GS 372.4bJ71 2005 aJones, Beverley aReady to use independent reading management Kit grade 1 :bReproducible, Skill building activity packs that engage kids in meningful, structured reading and writing while you work with small groups /cBeverley Jones. aNew York :bScholastic,c2005. a80p. aReadingxElementary Education